=LDR 00000nam 2200000 4500 =001 INLIS000000000009779 =005 20130612101547 =008 ***********************************Ind** =035 ##$$0010-061300000009779 =041 ##$$a Ind =082 ##$$a 152.4 =090 ##$$a 152.4, Sol j =100 ##$$a Solihin, O =245 ##$$a Jangan Nodai Cinta, O.Solihin =260 ##$$a 2003 $b Jakarta =300 ##$$a xii, 190 hlm, 17,5 cm =650 ##$$a Cinta Remaja =850 ##$$a NBPNMAT